Sovremennaja technologija Teorija i praktika
Enregistré dans:
| Auteur principal: | |
|---|---|
| Format: | Livre |
| Langue: | russe |
| Publié: |
Kijev
Vyšča škola
1985
|
| Édition: | 1. izd. |
| Tags: |
Pas de tags, Soyez le premier à ajouter un tag!
|
MARC
| LEADER | 00000nam a2200000 4500 | ||
|---|---|---|---|
| 001 | c034761 | ||
| 005 | 20221220082334.1 | ||
| 041 | 0 | |a rus | |
| 044 | |a UA | ||
| 245 | 1 | 0 | |a Sovremennaja technologija |b Teorija i praktika |c Anatolij Dmitrijevič Bondarenko |
| 250 | |a 1. izd. | ||
| 264 | 1 | |a Kijev |b Vyšča škola |c 1985 | |
| 300 | |a 169 s. | ||
| 100 | 1 | |a Bondarenko, Anatolij Dmitrijevič | |